<?xml version="1.0" encoding="UTF-8"?>
<record
    xmlns:xsi="http://www.w3.org/2001/XMLSchema-instance"
    xsi:schemaLocation="http://www.loc.gov/MARC21/slim http://www.loc.gov/standards/marcxml/schema/MARC21slim.xsd"
    xmlns="http://www.loc.gov/MARC21/slim">

  <leader>01715nam a2200229Ia 4500</leader>
  <datafield tag="999" ind1=" " ind2=" ">
    <subfield code="c">10877</subfield>
    <subfield code="d">10877</subfield>
  </datafield>
  <controlfield tag="008">200103s      2002     ||||xx |||||||||||||| ||und||</controlfield>
  <datafield tag="020" ind1=" " ind2=" ">
    <subfield code="a">139780333945728</subfield>
  </datafield>
  <datafield tag="082" ind1=" " ind2=" ">
    <subfield code="a">301</subfield>
    <subfield code="b">BIL</subfield>
  </datafield>
  <datafield tag="100" ind1=" " ind2=" ">
    <subfield code="a">Bilton, Tony</subfield>
  </datafield>
  <datafield tag="245" ind1=" " ind2="0">
    <subfield code="a">Introductory sociology</subfield>
  </datafield>
  <datafield tag="260" ind1=" " ind2=" ">
    <subfield code="b">Palgrave macmillan</subfield>
    <subfield code="c">1981</subfield>
    <subfield code="a">New York</subfield>
  </datafield>
  <datafield tag="300" ind1=" " ind2=" ">
    <subfield code="a">xxxiii, 596p.</subfield>
  </datafield>
  <datafield tag="504" ind1=" " ind2=" ">
    <subfield code="a">PART 1 CONCEPTUAL FOUNDATIONS
Studying Society Today
Living in Modernity
Globalization and Modernity
PART 2 SOCIAL DIVISIONS AND POWER
Social Divisions
The Significance of Social Class
Gender Relations
Race and Ethnicity
Power, Politics and the State
PART 3 DIMENSIONS OF MODERN SOCIAL LIFE
Family Life
Education
Work and Employment
The Mass Media
Health, Illness and Medicine
Crime
Knowledge, Belief and Religion
PART 4 SOCIOLOGICAL THEORY AND METHOD
Principles of Sociological Research
Foundations of Social Theory
Making Social Life: Theories of Action and Meaning
Modernity, Postmodernity and Social Theory.</subfield>
  </datafield>
  <datafield tag="520" ind1=" " ind2=" ">
    <subfield code="a">Introductory Sociology is one of the most ambitious, scholarly and popular textbooks in its field. This welcome new edition builds on the strengths of its predecessor in its thematic coherence, clarity of exposition and analytical depth. It is carefully structured to cover all the main substantive topics studied at an introductory level within a framework that engages with exciting contemporary debates about modernity, globalization and social identity.</subfield>
  </datafield>
  <datafield tag="650" ind1=" " ind2=" ">
    <subfield code="a">Living in Modernity</subfield>
  </datafield>
  <datafield tag="650" ind1=" " ind2=" ">
    <subfield code="a">Globalization and Modernity</subfield>
  </datafield>
  <datafield tag="650" ind1=" " ind2=" ">
    <subfield code="a">Knowledge, Belief and Religion</subfield>
  </datafield>
  <datafield tag="700" ind1=" " ind2=" ">
    <subfield code="a">Bonnett, Kevin</subfield>
    <subfield code="e">Co-author</subfield>
  </datafield>
  <datafield tag="700" ind1=" " ind2=" ">
    <subfield code="a">Jones, Pip</subfield>
    <subfield code="e">Co-author</subfield>
  </datafield>
  <datafield tag="700" ind1=" " ind2=" ">
    <subfield code="a">Lawson, Tony</subfield>
    <subfield code="e">Co-author</subfield>
  </datafield>
  <datafield tag="942" ind1=" " ind2=" ">
    <subfield code="c">BK</subfield>
  </datafield>
  <datafield tag="952" ind1=" " ind2=" ">
    <subfield code="0">0</subfield>
    <subfield code="1">0</subfield>
    <subfield code="2">ddc</subfield>
    <subfield code="4">0</subfield>
    <subfield code="6">301_000000000000000_BIL</subfield>
    <subfield code="7">0</subfield>
    <subfield code="8">NFIC</subfield>
    <subfield code="9">11879</subfield>
    <subfield code="a">MU</subfield>
    <subfield code="b">MU</subfield>
    <subfield code="c">GEN</subfield>
    <subfield code="d">2020-01-08</subfield>
    <subfield code="o">301 BIL</subfield>
    <subfield code="p">MPC5100</subfield>
    <subfield code="r">2025-03-17</subfield>
    <subfield code="y">BK</subfield>
    <subfield code="z">Column - 59</subfield>
  </datafield>
  <datafield tag="952" ind1=" " ind2=" ">
    <subfield code="0">0</subfield>
    <subfield code="1">0</subfield>
    <subfield code="2">ddc</subfield>
    <subfield code="4">0</subfield>
    <subfield code="6">301_000000000000000_BIL</subfield>
    <subfield code="7">0</subfield>
    <subfield code="8">NFIC</subfield>
    <subfield code="9">15316</subfield>
    <subfield code="a">MU</subfield>
    <subfield code="b">MU</subfield>
    <subfield code="c">GEN</subfield>
    <subfield code="d">2020-01-08</subfield>
    <subfield code="o">301 BIL</subfield>
    <subfield code="p">MPC5101</subfield>
    <subfield code="r">2024-04-12</subfield>
    <subfield code="y">BK</subfield>
    <subfield code="z">Column - 59</subfield>
  </datafield>
</record>
